banner koha

Café Conilon: técnicas de produção com variedades melhoradas; Café Conilon: técnicas de producción con variedades mejoradas; Conilon Coffee: production techniques with improved varieties (Registro n. 297705)

MARC details
000 -LÍDER
campo de controle de tamanho fixo 01566nac a22004457a 4500
001 - NÚMERO DE CONTROLE
campo de controle BR2012005315
003 - IDENTIFICADOR DO NÚMERO DE CONTROLE
campo de controle BR-BrBNA
005 - DATA E HORÁRIO DA ÚLTIMA TRANSAÇÃO
campo de controle 20240105123943.0
008 - CAMPO DE DADOS FIXOS--INFORMAÇÃO GERAL
campo de controle de tamanho fixo 230509b bl.|||m| |||| 00| 0 por d
040 ## - FONTE DA CATALOGAÇÃO
Instituição da catalogação original BR-BrBNA
Idioma da catalogação por
Instituição que transcreveu o registro Biblioteca Nacional de Agricultura
072 ## - CÓDIGO DE CATEGORIA DE ASSUNTO
Código de Categoria de Assunto F30; F01
090 ## - NÚMERO DE CHAMADA LOCAL
Número de chamada 2120 BR2012005315
100 1# - ENTRADA PRINCIPAL--NOME PESSOAL
Nome pessoal Ferrão, R.G.
100 1# - ENTRADA PRINCIPAL--NOME PESSOAL
Nome pessoal Fonseca, A.F.A. da
100 1# - ENTRADA PRINCIPAL--NOME PESSOAL
Nome pessoal Ferrão, M.A.G.
100 1# - ENTRADA PRINCIPAL--NOME PESSOAL
Nome pessoal Verdin Filho, A.C.
100 1# - ENTRADA PRINCIPAL--NOME PESSOAL
Nome pessoal Volpi, P.S.
100 1# - ENTRADA PRINCIPAL--NOME PESSOAL
Nome pessoal DE Muner, L.H.
100 1# - ENTRADA PRINCIPAL--NOME PESSOAL
Nome pessoal Lani, J.A.
100 1# - ENTRADA PRINCIPAL--NOME PESSOAL
Nome pessoal Prezotti, L.C.
100 1# - ENTRADA PRINCIPAL--NOME PESSOAL
Nome pessoal Ventura, J.A.
100 1# - ENTRADA PRINCIPAL--NOME PESSOAL
Nome pessoal Martins, D. dos S.
100 1# - ENTRADA PRINCIPAL--NOME PESSOAL
Nome pessoal Mauri, A.L.
100 1# - ENTRADA PRINCIPAL--NOME PESSOAL
Nome pessoal Marques, E.M.G.
100 1# - ENTRADA PRINCIPAL--NOME PESSOAL
Nome pessoal Zucateli, F.
110 1# - ENTRADA PRINCIPAL--NOME CORPORATIVO
Nome corporativo ou nome da jurisdição Instituto Capixaba de Pesquisa, Assistência Técnica e Extensão Rural, Vitória, ES (Brasil)
245 1# - TÍTULO
Título Café Conilon: técnicas de produção com variedades melhoradas; Café Conilon: técnicas de producción con variedades mejoradas; Conilon Coffee: production techniques with improved varieties
250 1# - EDIÇÃO
Edição 4. ed.
260 3# - PUBLICAÇÃO, DISTRIBUIÇÃO, ETC.
Local de publicação, distribuição, etc. Vitória, ES (Brasil):
Data da publicação, distribuição, etc. 2012.
300 ## - DESCRIÇÃO FÍSICA
Extensão 74 p.
490 ## - TÍTULO DA SÉRIE
Título da série Circular Técnica - Instituto Capixaba de Pesquisa, Assistência Técnica e Extensão Rural (Brazil)
Número do volume ou designação sequencial da série no. 3
ISSN - International Standard Serial Number ISSN 1519-0528
500 ## - NOTA GERAL
Nota geral 27 illus.; Bibliography p. 66-73
650 ## - ASSUNTO--TERMO TÓPICO
Cabeçalho tópico ou nome geográfico CAFÉ
650 ## - ASSUNTO--TERMO TÓPICO
Cabeçalho tópico ou nome geográfico COFFEA CANEPHORA
650 ## - ASSUNTO--TERMO TÓPICO
Cabeçalho tópico ou nome geográfico MELHORAMENTO GENÉTICO VEGETAL
650 ## - ASSUNTO--TERMO TÓPICO
Cabeçalho tópico ou nome geográfico PRODUÇÃO VEGETAL
650 ## - ASSUNTO--TERMO TÓPICO
Cabeçalho tópico ou nome geográfico PRÁTICA CULTURAL
909 ## -
-- 202312
-- Lúcia Elande
-- 55
-- Lúcia Elande
942 ## - ELEMENTOS DE ENTRADA ADICIONADOS (KOHA)
Fonte da classificação ou esquema de arquivamento na estante Classificação AGRIS
Ocultar no OPAC Não
Tipo de material Koha Monografia Seriada
Exemplares
Situação do descarte Fonte da classificação ou esquema de arquivamento na estante Situação física Não pode ser emprestado Coleção Biblioteca de origem Biblioteca atual Localização na estante Total de empréstimos Número de telefone completo Código de barras Data de último acesso Tipo de material Koha Fonte de aquisição
  Classificação AGRIS       Biblioteca Nacional de Agricultura - Binagri Biblioteca Nacional de Agricultura - Binagri Agrobase - Acervo Geral   2120 BR2012005315 2120 BR2012005315 18/12/2023 Monografia Seriada Portaria Interministerial nº 164/94

BINAGRI

Telefone: (61)3218-2567/2388/3357/2097 - binagri@agro.gov.br

Ministério da Agricultura e Pecuária , Esplanada dos Ministérios, Bloco D, Anexo B, Brasília/DF, CEP: 70.043-900